000 00373nam a22001577a 4500
999 _c10943
_d10943
003 OSt
008 210915b ||||| |||| 00| 0 eng d
020 _a9789389649581
082 _a923.2
_bMAM
100 _aMATHEW, Mammen
245 _aManorama Year Book 2021
260 _bMalayala Manorama
_c2021
_aNew Delhi
300 _a1039
650 _aYearbook
942 _2ddc
_cBK